[Event "Nalchik FIDE GP (Women)"]
[Site "Nalchik"]
[Date "2010.04.29"]
[Round "4"]
[White "Zhao, Xue"]
[Black "Mkrtchian, Lilit"]
[Result "0-1"]
[WhiteElo "2490"]
[BlackElo "2503"]
[Annotator "Mikhalchishin,A"]
[PlyCount "62"]
[EventDate "2010.04.26"]
[EventType "tourn"]
[EventRounds "11"]
[EventCountry "RUS"]
[EventCategory "10"]
[SourceTitle "CBM 136"]
[Source "ChessBase"]
[SourceDate "2010.05.18"]
[SourceVersion "1"]
[SourceVersionDate "2010.05.18"]
[SourceQuality "1"]
[TimeControl "5400"]

1. d4 Nf6 2. c4 e6 3. Nf3 b6 4. g3 Ba6 5. b3 b5 6. cxb5 Bxb5 7. Bg2 ({Another
option is to avoid the sharp line} 7. Nc3 Bc6 8. Bg2 Bb4 9. Bd2 Qe7 10. O-O O-O
11. Qc2 a5 12. Rfe1 Bxf3 13. Bxf3 d5 14. Na4 Bd6 15. Bf4 Nbd7 16. Bxd6 cxd6 17.
Rac1 Rfb8 18. Qc6 Qf8 19. e3 Rc8 20. Qb5 Qd8 21. Qd3 h5 22. h4 g6 {with good
chances to equalise, Grabarczyk,M-Beliavsky,A ,Warsaw 2002}) 7... Bb4+ ({
Here the great GURU of this line IGM Aleksandr Beliavsky tried successfully
other ideas} 7... d5 8. O-O Nbd7 9. Nc3 $146 (9. Ba3 {- 69/(469)}) 9... Ba6 10.
Ne5 ({The other option is not so strong:} 10. Re1 Bb4 11. Bd2 O-O 12. a3 Be7
13. b4 Bb7 14. Qc2 a5 15. Na4 axb4 16. Bxb4 Ra7 17. Nb2 Bd6 18. Nd3 Qa8 19.
Rab1 Bc6 20. Nfe5 Ba4 21. Qd2 Rc8 22. Rec1 Bxb4 23. axb4 Bb5 24. Bf3 Ne4 25.
Qf4 Nxe5 26. Nxe5 Nd6 27. Qd2 Qb7 28. Qc3 Ra6 {Abramovic,B-Beliavsky,A,Nova
Gorica 2000. with very serious counterplay.}) 10... Bd6 11. Nc6 Qc8 12. a3 $1
O-O (12... Qb7 13. Na5 Qb6 14. b4 $16) 13. Bg5 Qe8 14. Qd2 Nb6 (14... h6 $5 15.
Bf4 Nh5 $5) 15. Na5 c5 16. dxc5 Bxc5 17. Bxf6 gxf6 18. Rfc1 (18. Rfe1 $5) 18...
Rc8 19. e4 $6 ({A better chance to keep the opening initiative was} 19. b4 Be7
20. e4 Nc4 21. Nxc4 dxc4 22. Qh6 Kh8 (22... Qd7 23. Nd5 exd5 24. Bh3 $16) 23.
Rd1 (23. e5 fxe5 24. Be4 f5 25. Qxe6 Rf6 26. Qxe5 fxe4 27. Nd5 Qf7 28. Qxe7
Qxe7 29. Nxe7 Rd8 30. Rd1 Rd3 $36) 23... Rg8 (23... Rc7 24. e5 fxe5 25. Be4 f5
26. Qxe6 Rf6 27. Qxe5 $16 {צc7}) 24. e5 fxe5 25. Qe3 $16) 19... d4 20. Nd1 d3
21. e5 Bd4 22. Rxc8 Qxc8 23. Rc1 Qd7 24. Bc6 (24. Nc6 Rc8 $1) 24... Qe7 {
Beliavsky,A-Topalov,V ,Madrid 1997. with unclear play.}) (7... c5 8. O-O ({
A very interesting move which seriously needs to be tried out is} 8. dxc5 Bxc5
9. Nd4 Bxd4 10. Qxd4 Bc6 11. e4 Qb6 12. Bb2 $6 ({White is better after
correctly placing the bishop} 12. Be3 $1 Nxe4 $140 13. Qxg7) 12... Nxe4 (12...
Qxd4 13. Bxd4 Nxe4 14. Bxg7 Rg8 15. Bb2 $14) 13. Qxb6 axb6 14. Bxg7 Rg8 15. Bb2
Nc5 16. O-O Bxg2 17. Kxg2 Nc6 18. Nd2 Rg5 19. Nc4 Ra6 20. Rfd1 Ke7 21. Bc1 Rd5
$15 {Beliavsky,A-Novikov,I/Lviv 1984.}) 8... Bc6 9. Ba3 Na6 10. Nbd2 Be7 (10...
Rc8) 11. Rc1 (11. dxc5) 11... cxd4 12. Bxe7 Qxe7 13. Nc4 O-O 14. Qxd4 Bxf3 15.
Bxf3 d5 16. Ne5 $14 {Smyslov,V-Beliavsky,A/Tilburg 1984}) 8. Bd2 a5 9. Bxb4 (9.
O-O {It is possible to try to obtain a positional advantage with another idea}
O-O 10. a3 Bxd2 (10... Be7) 11. Nfxd2 $1 $146 (11. Qxd2 d6 12. Nc3 Ba6 13. b4
axb4 14. axb4 Bb7 $11) 11... Nd5 (11... Bc6 $142 12. e4 d5 13. e5 Nfd7 14. Nc3
Bb7 15. b4 $14) 12. Bxd5 $1 exd5 13. Nc3 Bc6 14. b4 Bb7 15. Nb3 axb4 16. axb4
d6 17. Na5 Qc8 18. Qb3 $16 {Beliavsky,A -Torre,E ,Yerevan (ol) 1996}) 9... axb4
10. Qd2 {Going for the pawn!} Qe7 ({Another way of sacrificing the pawn
promises less:} 10... Nd5 11. e4 Nb6 12. Qxb4 Ba6 13. Nbd2 Nc6 14. Qc5 Ne7 15.
Bf1 Bb7 16. Bg2 Ba6 17. Bf1 Bb7 18. Bd3 O-O 19. O-O f5 20. Qc2 fxe4 21. Bxe4
Bxe4 22. Qxe4 {L'Ami,E -Timman,J ,Amsterdam , 2006. does not promise full
compensation to Black.}) (10... Na6 11. Qg5 c5 12. Qxg7 Rg8 13. Qh6 $16) (10...
c5 11. dxc5 Nc6 12. Nd4 Nxd4 13. Qxd4 Rb8 14. a4 $16) 11. Qg5 d5 ({Another way
to obtain compensation is the direct counterplay in the centre:} 11... c5 12.
Qxg7 Rg8 13. Qh6 c4 (13... Nc6 {is no worse:} 14. dxc5 $1 Qxc5 15. O-O Ng4 (
15... Rg6 16. Qd2 Ne4 17. Qb2 {/\ a4+/-}) ({but much stronger is} 15... Ke7 16.
Nbd2 Qb6 17. Nc4 Bxc4 18. bxc4 Ra3 19. e3 Rg6 20. Qh3 Qa6 21. Rab1 Qxc4 22. Nd2
Qc2 23. Bxc6 Qxd2 24. Rfd1 Qc3 25. Rbc1 Qb2 26. Rb1 Qxa2 27. Qh4 Qxb1 28. Rxb1
Rg4 29. Qh3 dxc6 30. Qf1 Nd5 31. Qd1 Rc4 {Vernay,C -Postny,E/Mulhouse 2010.
with serious compensation for the queen.}) 16. Qd2 Nge5 17. a4 $1 bxa3 (17...
Ba6 18. Ra2 $16) 18. b4 Nxf3+ 19. Bxf3 Qe7 20. Nxa3 $16) 14. bxc4 Bxc4 15. Qd2
Bd5 16. Qb2 Nc6 17. O-O Kf8 18. Nbd2 Ne4 (18... Kg7 19. Rfe1 Ne4 20. Nxe4 Bxe4
21. d5+ $18) 19. Nxe4 Bxe4 20. Rfc1 {Ilincic,Z -Knezevic,B,Jugoslavija (ch)
1998. and White has a better position.}) (11... Bc6 12. Qxg7 Rg8 13. Qh6 Bd5
14. Nbd2 $16) 12. Qxg7 Rg8 13. Qh6 c5 ({Another idea should be checked out in
praxis:} 13... Nbd7 $5 $146 14. Qc1 c5 15. Qb2 Ne4 16. O-O Qf6 17. a4 Ba6 18.
Ra2 Rc8 19. Rc1 Ke7 20. dxc5 Ndxc5 21. Qd4 $14 {Avrukh,B-Jenni,F ,Hersonissos
2007}) 14. Qd2 ({The exchange in the centre was not logical:} 14. dxc5 Qxc5 15.
O-O Ke7 16. Rc1 Qxf2+ 17. Kxf2 Ng4+ 18. Ke1 Nxh6 19. a4 bxa3 20. Nxa3 Bd7 21.
Ne5 Ng4 22. Nxg4 Rxg4 23. Nc2 Rxa1 24. Rxa1 Nc6 25. Kd2 f5 26. Ra8 Rg6 {
Stokke,K-Malakhatko,V ,Gjovik, 2009. Just Black can have slight chances in
this endgame.}) ({, but} 14. a4 {looks to keep an advantage.}) 14... Nc6 15. a4
Ba6 (15... bxa3 16. Rxa3 Rb8 17. O-O {led to a better position for White.}) 16.
Ra2 $6 ({It was better not to allow the c5-pawn to move forward} 16. dxc5 Qxc5
17. Ra2 Ne4 18. Qe3 Qxe3 19. fxe3 Rc8 {with an unclear position, as the white
pawn is not a so important factor in the game.}) 16... c4 17. bxc4 Bxc4 18. Rb2
Rxa4 {Black is certainly better, but one problem - the king in the centre -
does not favour him too much.} 19. O-O Qd6 20. Rc1 Ke7 (20... b3 {allows White
to develop the bad knight.} 21. Nc3 Ra7 {but on other hand stopped all other
pieces.}) 21. Ne5 $1 {A nice opportunity to open up the king.} Nxe5 22. dxe5
Qxe5 23. Rxb4 Rxb4 ({The slightly more active} 23... Ra2 {was possible:} 24.
Rb7+ Nd7 25. Qb4+ Qd6) 24. Qxb4+ Qd6 25. Qd2 ({The endgame has to be equal,
but with a slight black initiative.} 25. Qxd6+ Kxd6 26. e3 Rb8 27. Nd2 Bd3 28.
Rc3 Bf5) 25... Rb8 26. Nc3 Qe5 {Black is slightly more centralised, but the
king in the centre will not allow much activity.} 27. e3 Rb3 28. Qc2 (28. Na4 {
was interesting.}) 28... Qb8 29. e4 (29. Ne4 Nxe4 30. Bxe4 {was the simplest
way to draw.}) 29... Rb2 30. Qa4 Qb6 31. Nd1 $4 ({It was necessary to play a
preliminary check} 31. Qa3+ Kd7 32. Nd1) 31... Ra2 $1 {The queen is trapped in
the most unexpected place.} 0-1

[Event "Al Ain op 3rd"]
[Site "Al Ain"]
[Date "2014.12.20"]
[Round "2"]
[White "Bakre, Tejas"]
[Black "Zhigalko, Sergei"]
[Result "0-1"]
[WhiteElo "2454"]
[BlackElo "2672"]
[Annotator "Mokal,P"]
[PlyCount "88"]
[EventDate "2014.12.19"]
[EventType "swiss"]
[EventRounds "9"]
[EventCountry "UAE"]
[SourceTitle "CBM 164"]
[Source "ChessBase"]
[SourceDate "2015.01.15"]
[SourceVersion "1"]
[SourceVersionDate "2015.01.15"]
[SourceQuality "1"]
[WhiteClock "1:11:50"]
[BlackClock "0:30:16"]

{The following game sees an interesting queen sacrifice by Black in the
opening stage itself.} 1. d4 Nf6 2. Nf3 e6 3. c4 b6 4. g3 Ba6 5. b3 Bb4+ 6. Bd2
Be7 7. Nc3 O-O 8. Bg2 d5 9. cxd5 exd5 10. O-O Re8 11. Rc1 Bb7 12. Bf4 c6 (12...
Na6 {[%cal Gc7c6,Ga6c7] has been quite popular for Black with the idea of
playing ...c6 and later ...Nc7.}) 13. Ne5 Nbd7 14. e4 Nf8 15. exd5 cxd5 16. Bh3
a6 ({In an earlier game, there was a short draw following} 16... Ba3 17. Rc2 a6
18. Na4 Ne6 19. Bc1 Bd6 {Epishin-Aseev/URS-ch/1991/1/2-1/2}) 17. Na4 Bd6 18.
Be3 Ne6 $5 $146 {This move has never been played before but it was mentioned
by Dautov in his analysis in ChessBase Magazine 37.} (18... b5 19. Nc5 Bc8 20.
Bg2 $1 $14 {with a slight edge for White, was played in Epishin vs Yudasin,
Biel - 1993. The game ended in a draw after 66 moves.}) 19. Nc6 Bxc6 20. Rxc6
b5 (20... Rb8 21. Qd3 $16 {Dautov in ChessBase Magazine 37.}) 21. Nc5 Bxc5 22.
dxc5 d4 {The queen sacrifice by Black had to be conceived before playing this
move at least, if not in preparation.} 23. Rd6 dxe3 {Otherwise the previous
move would not make any sense.} 24. Rxd8 Raxd8 25. Qc1 (25. Qb1 exf2+ 26. Rxf2
Nxc5 $11 {R+N+P being materially equal to the Q, without any positional
problems, Black is doing fine here .}) 25... Nd4 $1 26. Kg2 e2 27. Re1 Re7 {
Now for the queen, Black has a rook and knight, but quite obviously the pawn
on e2 is Black's hero. It is like a thorn in White's neck. Black's counterplay
revolves around it and the position seems to offer enough compensation for him
to survive.} 28. c6 $6 {Seems like a miscalculation. White probably thought
that he gets the e2-pawn in return for the c-pawn, but Black has a tactic up
his sleeve.} (28. Qc3 $142 {[%cal Gc3a5,Gc5c6] is a move that actually
threatens c6 since White is always ready to go Qa5 now.} Nc6 $1 (28... Ne4 $2
29. Qa5 $1 $16) 29. Qb2 {White is forced to take measures against ...Rd1.} (29.
b4 $2 Rd1 $19) 29... Nd4 $1 $14 {The positions seems slightly better for White
but It is hard for him to make progress.}) 28... Rc7 29. Qd2 Rxc6 30. Rxe2 Rcd6
$1 {[%csl Re2] The White R is doomed, wherever it goes. A nice position of
domination.} 31. Re7 (31. Re5 Nc6 $17) (31. Re3 Nf5 $17) (31. Re1 Nf3 $17)
31... Nc6 32. Qe3 Nxe7 33. Qxe7 Nd5 $17 {2Rs are usually stronger than a Q and
so, it is now Black who will start mounting the pressure.} 34. Qa7 Nc3 35. a3
g6 {The escape square of the right colour!} 36. Bg4 Nb1 37. a4 h5 38. Be2 Nc3
39. Bf3 bxa4 40. Qc5 Nd1 41. bxa4 Rd2 42. Bxd1 Rxd1 43. h4 R1d2 44. Qc7 $2 {
Making it easier for Black.} (44. Qa5 R8d6 45. Qb4 $17 {Black is winning but
still has some work to do.}) 44... Re8 (44... Re8 45. Qa7 Ree2 46. Qxa6 Rxf2+
$19) 0-1

[Event "Nanjing Pearl Spring 3rd"]
[Site "Nanjing"]
[Date "2010.10.24"]
[Round "5"]
[White "Wang, Yue"]
[Black "Bacrot, Etienne"]
[Result "0-1"]
[WhiteElo "2732"]
[BlackElo "2716"]
[Annotator "Moradiabadi,E"]
[PlyCount "86"]
[EventDate "2010.10.20"]
[EventType "tourn"]
[EventRounds "10"]
[EventCountry "CHN"]
[EventCategory "21"]
[SourceTitle "CBM 139"]
[Source "ChessBase"]
[SourceDate "2010.11.18"]
[SourceVersion "1"]
[SourceVersionDate "2010.11.18"]
[SourceQuality "1"]

{Contrary to the previous game, this one *is* a theoretical battle which will
significantly advance the line's theory. The French champion managed to keep
his cool and racked up his third consecutive win.} 1. d4 Nf6 2. c4 e6 3. Nf3 b6
4. g3 Ba6 5. Qa4 {Due to Kramnik's stylish victory this line has been becoming
more and more popular.} Bb7 6. Bg2 c5 7. dxc5 bxc5 8. O-O Be7 9. Nc3 O-O 10.
Rd1 Qb6 11. Bf4 Rd8 12. Rd2 d6 13. Rad1 h6 14. Qb5 (14. Qb3 {is used to be the
main line in this position but recent results among top players have been
"sterile" for such rich ground.}) 14... Ne8 15. e4 g5 16. Be3 Nd7 17. h4 g4 18.
Ne1 Kg7 $146 {A very normal move.} (18... Qxb5 19. cxb5 Bf8 20. Nc2 Ne5 21. Na3
Rdc8 22. Bf4 Bg7 23. Bxe5 Bxe5 24. Nc4 Bd4 25. Ne2 e5 26. a4 Kf8 27. Rc2 Rc7
28. Na5 {1-0 Navara,D (2722)-Leko,P (2724)/ Khanty-Mansiysk RUS 2010 (53)}) 19.
Bf4 $6 ({A complicated position would have arisen after} 19. Qa4 Bc6 20. Qc2 {
where the caveats of ...Kg7 become apparent. White could keep the queens on
the board and black's king shelter would be attacked with even heavier
artillery!}) 19... Bc6 20. Qxb6 axb6 21. Nc2 Ne5 22. Ne3 Nf3+ $1 {One might
consider this move as natural but I personally cannot avoid praising it. The
knight on e5 looks great and one might not find it necessary to trade it for
the "blind" bishop on g2, however, the bishop on c6 will then have no one to
challenge it.} 23. Bxf3 gxf3 24. h5 Bf6 25. Ng4 Bxc3 26. bxc3 Bxe4 27. Bxh6+
Kh7 28. Bg5 Rd7 29. Bf4 f6 30. Kh2 $4 {A terrible mistake! White loses a piece!
} (30. Bxd6 Rad8 31. Bf4 Rxd2 32. Rxd2 Rxd2 33. Bxd2 Bd3 34. a3 Bxc4 35. Kh2 e5
36. Kh3 Be6 37. Kh4 {In spite of practical difficulties the position is about
even.}) 30... e5 31. Nxe5 {A disastrous try. White is hopeless and Bacrot has
not difficulty converting his advantage.} fxe5 32. Bxe5 Bf5 33. Bxd6 Rad8 34.
Bf4 Rxd2 35. Rxd2 Rxd2 36. Bxd2 Nd6 37. Bf4 Nxc4 38. g4 Bxg4 39. h6 Be6 40. Kg3
Bd5 41. Kg4 Nb2 42. a3 Nd1 43. c4 Nxf2+ {A fine victory for the French warrior
and a very bad day for the Chinese GM.} 0-1

[Event "Nanjing Pearl Spring 3rd"]
[Site "Nanjing"]
[Date "2010.10.26"]
[Round "6"]
[White "Bacrot, Etienne"]
[Black "Carlsen, Magnus"]
[Result "1/2-1/2"]
[WhiteElo "2716"]
[BlackElo "2826"]
[Annotator "Moradiabadi,E"]
[PlyCount "96"]
[EventDate "2010.10.20"]
[EventType "tourn"]
[EventRounds "10"]
[EventCountry "CHN"]
[EventCategory "21"]
[SourceTitle "CBM 139"]
[Source "ChessBase"]
[SourceDate "2010.11.18"]
[SourceVersion "1"]
[SourceVersionDate "2010.11.18"]
[SourceQuality "1"]

{This was the most exciting game of the day. The battle between the leader and
his closest rival was on its way to being Bacrot's 4th consecutive win, but
Carlsen, in spite of early mistakes, remained tough. This may have discouraged
Bacrot, whose inaccuracies made his task more difficult and in the end he
prematurely accepted the draw.} 1. d4 Nf6 2. c4 e6 3. Nf3 b6 4. g3 Ba6 5. Nbd2
{An odd choice by Bacrot, but he has proved he knows what he is doing in this
event. His games against Anand and Wang Yue are testimony of this.} d5 6. Bg2
Bd6 {A risky decision by Carlsen. The upcoming e4 would cause the bishop on d6
some discomfort due to the fork threat of e5.} 7. b3 O-O 8. O-O c5 9. e4 dxe4 {
The retreat of the bishop to e7 has been played quite a few times which may be
considered one reason why ...Bd6 is inaccurate. Carlsen wants to prove that he
stands on solid ground!} 10. Ng5 Nc6 11. dxc5 $1 {Accurate play by Bacrot. He
does not fall into such traps.} (11. Ndxe4 {is a mistake due to} Nxd4 {and
black is ready to offer his rook for white's light-squared bishop.}) 11... Bxc5
12. Ndxe4 Qxd1 13. Rxd1 {White has achieved a lot of advantages within just 13
moves. From now on, the world number one has to defend a worse position with
no hopes to win.} Rad8 14. Rxd8 Rxd8 15. Nxc5 Rd1+ 16. Bf1 bxc5 17. Bb2 Rxa1
18. Bxa1 {The bishop pair seems to be the main theme in today's game. We
should add that although the better pawn structure also offers Bacrot good
winning chances, one should not forget that the c5-a7 set up is the best way
to stop White's threats and is Black's main hope to hold.} Nd7 19. f4 Bb7 20.
Kf2 Nd8 21. Bd3 f5 22. Nf3 Nf7 23. a3 g6 24. Be2 Kf8 25. b4 Ke7 26. Ke3 Bxf3 $1
27. Bxf3 {A paradoxical but correct decision. Though the position is still
much better for White, his light squared bishop has few targets to attack now.
As a result this should provoke White to push his pawns on both sides which
would favor the bishops but in the meantime it would also reduce the material
on the board.} Kd6 28. Bg7 Kc7 29. Kd2 Nd6 30. Kd3 Nc8 31. Kc3 Ncb6 32. Bd1 Nc8
33. Bf3 Nd6 34. Kd3 Nc8 35. h4 Nd6 36. Bc3 Nf7 37. h5 Kd6 {White is much
better here, however I personally cannot see a direct plan for white to
penetrate in black's fortress. I would like to leave the rest to ChessBase's
endgame expert GM Karsten Muller.} 38. Ke3 Kc7 39. Bg7 Nd6 40. hxg6 hxg6 41.
Kd3 Nf7 42. Bc3 Kd6 43. Ke3 g5 44. Bh5 gxf4+ 45. gxf4 Nd8 46. Be2 Kc7 47. Kd3
Kd6 48. Ke3 Kc7 {Though White's advantage has shrunk, he could still push with
no risk of losing.} 1/2-1/2

[Event "Norway Chess 1st"]
[Site "Stavanger"]
[Date "2013.05.12"]
[Round "4"]
[White "Aronian, Levon"]
[Black "Karjakin, Sergey"]
[Result "0-1"]
[WhiteElo "2813"]
[BlackElo "2767"]
[Annotator "Motylev,A"]
[PlyCount "76"]
[EventDate "2013.05.08"]
[EventType "tourn"]
[EventRounds "9"]
[EventCountry "NOR"]
[EventCategory "21"]
[SourceTitle "CBM 155"]
[Source "ChessBase"]
[SourceDate "2013.07.16"]
[SourceVersion "1"]
[SourceVersionDate "2013.07.16"]
[SourceQuality "1"]

{After starting with two wins in Stavanger, Sergey had to face a very tough
opponent. His personal score vs Levon was far from satisfactory. This win
helped Sergey to make an amazing start (4 out of 4) and become the winner of
the first Norwegian supertournament.} 1. d4 Nf6 2. c4 e6 3. Nf3 b6 4. g3 Ba6 5.
b3 Bb4+ 6. Bd2 Be7 7. Nc3 O-O 8. Bg2 c6 9. e4 d5 10. exd5 cxd5 11. Ne5 {
Levon plays again the variation he himself introduced to modern chess theory
in the game with... Sergey Karjakin!} Bb7 (11... Nfd7 12. O-O $1 Nxe5 13. dxe5
Nd7 14. Re1 dxc4 15. Bxa8 Qxa8 16. Bh6 $1 Rd8 17. Qg4 Bf8 18. Rad1 {...1-0 (30)
Aronian,L (2816)-Karjakin,S (2778) Sao Paulo/Bilbao 2012}) 12. O-O Nc6 13. Bf4
Na5 14. Rc1 Ba3 15. Rb1 Bb4 16. Na4 ({Some days before Leko played} 16. Ne2 {
and got a big advantage quickly, but somehow neither Hammer nor Aronian later
had any intention of repeating this line.} Nc6 17. Bg5 Be7 18. Nf4 Ne4 19. cxd5
exd5 20. Nxc6 Bxc6 21. Bxe7 Qxe7 22. Re1 Qf6 23. Rc1 Bb7 24. Re2 Rae8 25. Rc7
Ba8 26. Rxa7 Bc6 27. Rc2 Qd6 28. Qc1 Qb8 29. Ra3 Bb7 30. b4 Qd6 31. Rb3 Qf6 32.
Qb2 g5 33. Nd3 Nd6 34. a4 Nf5 35. Ne5 Nxd4 36. Qxd4 Qxe5 37. Qxe5 Rxe5 38. Re3
Ree8 39. Rc7 Ba8 40. Ra7 Rc8 41. h3 d4 42. Re5 d3 43. Rxg5+ Kh8 44. Bxa8 Rxa8
45. Rd7 Rfd8 46. Rgd5 Rxd7 47. Rxd7 Rxa4 48. b5 Rb4 49. Kg2 Rxb5 50. Rxd3 Kg7
51. Rd6 Rb4 52. g4 Rb1 53. Kg3 b5 54. Rb6 b4 55. Kf4 Rh1 56. Rxb4 Rxh3 57. Ke4
{1/2 (57) Leko,P (2744)-Karjakin,S (2786) Zug SUI 2013}) 16... Ne4 17. a3 Be7
18. cxd5 {Levon deviates from the game of the second round Hammer-Karjakin,
which continues} (18. Qd3 f6 $1 19. Ng4 Re8 ({The engine suggests} 19... Ba6 $5
20. Bxe4 dxe4 21. Qxe4 e5 $1 22. dxe5 f5 23. Nh6+ gxh6 24. Qe3 Qe8 {and Black
looks better}) 20. cxd5 exd5 21. f3 Nd6 22. Rfc1 Bf8 23. Ne3 Nf7 24. b4 Nc6 25.
b5 $2 Nce5 $1 26. dxe5 fxe5 27. Bxe5 Nxe5 28. Qd4 Qf6 {Black got the advantage
and Sergey managed to win in the end.} 29. Kh1 Nd7 30. Qd3 Nc5 31. Nxc5 Bxc5
32. Nxd5 Qf7 33. Nb4 Re3 34. Qd2 Rae8 35. Re1 Bxf3 36. Rxe3 Bxe3 37. Qd3 Bxg2+
38. Kxg2 Bc5 39. Rf1 Qe6 40. Nc6 a5 41. a4 Qe2+ 42. Qxe2 Rxe2+ 43. Kh3 Re4 44.
Rf5 Rc4 45. Rd5 Kf7 46. Rh5 Rxa4 47. Rxh7 Re4 48. Rh8 a4 49. Ra8 a3 50. Nd8+
Kf6 51. Nb7 Be7 52. Ra6 Ke5 53. Kg2 Rb4 54. Rxb6 Ra4 {0-1 (54) Hammer,J (2608)
-Karjakin,S (2767) Sandnes NOR 2013}) 18... exd5 19. b4 Nc6 20. Rc1 Rc8 21. Bh3
f5 22. f3 Nd6 {Black's position looks normal, so it's not clear what Levon
could have missed in his preparation.} 23. Qd3 Nxe5 $5 24. dxe5 (24. Bxe5 g6 {
and Black is slightly better, perhaps.}) 24... Rxc1 25. Bxc1 $6 ({Major
complications could follow} 25. Rxc1 Nc4 $8 26. Bxf5 Kh8 $1 {but it looks like
Black is all right since} 27. Bxh7 {doesn't work in view of} Bg5 $1) 25... Nc4
$1 {Now Black gains the initiative.} 26. f4 (26. Bxf5 Nxe5 27. Bxh7+ Kh8 $15)
26... b5 $1 27. Nc3 $6 (27. Nc5 {was bad too -} Bxc5+ 28. bxc5 d4 $1) ({
The ugly} 27. Nb2 {was perhaps better:} d4 28. Bg2 Bxg2 29. Kxg2 Qd5+ $15)
27... Qb6+ ({The immediate} 27... d4 $1 {was very strong too, perhaps even
better.} 28. Nxb5 Qd5 29. Nxd4 Bd8 $3 $19) 28. Rf2 d4 29. Ne2 (29. Nxb5 {
does not work:} Qxb5 30. Bf1 Rc8 31. Rc2 Bd5 32. Qxf5 Qb7) ({A more stubborn
try was probably} 29. Na4 $5 Qc7 30. Bf1 Qd7 $17) 29... Rd8 $1 {/\ ...Be4} 30.
Qxf5 d3 $1 31. Qe6+ Kf8 32. Qf5+ $6 ({It is very unlikely that White can save
the endgame after} 32. Qxb6 axb6 33. Nc3 d2 34. Bxd2 Nxd2 35. Bg2 Bc8 {but it
was a better try.}) 32... Ke8 $1 {The king easily escapes now.} 33. Qxh7 (33.
e6 Rd6 $1 34. Qxh7 Kd8 $19) 33... d2 $1 34. Bxd2 Rxd2 35. e6 Rd1+ 36. Bf1 Qxe6
37. Qh5+ Kf8 38. Nc3 Qc6 {A very important win with convincing play by Sergey
Karjakin.} 0-1